<?xml version="1.0" encoding="UTF-8"?>
<record
    xmlns:xsi="http://www.w3.org/2001/XMLSchema-instance"
    xsi:schemaLocation="http://www.loc.gov/MARC21/slim http://www.loc.gov/standards/marcxml/schema/MARC21slim.xsd"
    xmlns="http://www.loc.gov/MARC21/slim">

  <leader>00455nam a2200133   4500</leader>
  <controlfield tag="008">170404t2009    my            000 0 eng  </controlfield>
  <datafield tag="082" ind1=" " ind2=" ">
    <subfield code="a">553.615952271 REN</subfield>
  </datafield>
  <datafield tag="100" ind1=" " ind2=" ">
    <subfield code="b">Rengga Anak Gendang,Che Abdul Rahman b Jaafar</subfield>
  </datafield>
  <datafield tag="245" ind1=" " ind2=" ">
    <subfield code="a">Construction sand in the Tatau area Bintulu division Sarawak : RAK (D13)</subfield>
  </datafield>
  <datafield tag="250" ind1=" " ind2=" ">
    <subfield code="a">JMG.SWK (MPI) 1/2009</subfield>
  </datafield>
  <datafield tag="260" ind1=" " ind2=" ">
    <subfield code="a">Kuala Lumpur</subfield>
    <subfield code="b">Jabatan Mineral Dan Geosains Malaysia</subfield>
    <subfield code="c">2009</subfield>
  </datafield>
  <datafield tag="300" ind1=" " ind2=" ">
    <subfield code="a">ill;62p. 29.8 cm</subfield>
  </datafield>
  <datafield tag="942" ind1=" " ind2=" ">
    <subfield code="2">ddc</subfield>
  </datafield>
  <datafield tag="999" ind1=" " ind2=" ">
    <subfield code="c">1262</subfield>
    <subfield code="d">1262</subfield>
  </datafield>
  <datafield tag="952" ind1=" " ind2=" ">
    <subfield code="0">0</subfield>
    <subfield code="1">0</subfield>
    <subfield code="2">ddc</subfield>
    <subfield code="4">0</subfield>
    <subfield code="6">553_615952271000000_REN</subfield>
    <subfield code="7">0</subfield>
    <subfield code="9">19709</subfield>
    <subfield code="a">JMGBPT</subfield>
    <subfield code="b">JMGBPT</subfield>
    <subfield code="c">FR</subfield>
    <subfield code="d">2017-04-04</subfield>
    <subfield code="g">50.00</subfield>
    <subfield code="l">0</subfield>
    <subfield code="o">553.615952271 REN</subfield>
    <subfield code="r">2017-04-04</subfield>
    <subfield code="t">1</subfield>
    <subfield code="w">2017-04-04</subfield>
    <subfield code="y">RPT</subfield>
  </datafield>
  <datafield tag="952" ind1=" " ind2=" ">
    <subfield code="0">0</subfield>
    <subfield code="1">0</subfield>
    <subfield code="2">ddc</subfield>
    <subfield code="4">0</subfield>
    <subfield code="6">553_615952271000000_REN</subfield>
    <subfield code="7">0</subfield>
    <subfield code="9">19710</subfield>
    <subfield code="a">JMGBPT</subfield>
    <subfield code="b">JMGBPT</subfield>
    <subfield code="c">FR</subfield>
    <subfield code="d">2017-04-04</subfield>
    <subfield code="g">50.00</subfield>
    <subfield code="l">0</subfield>
    <subfield code="o">553.615952271 REN</subfield>
    <subfield code="r">2017-04-04</subfield>
    <subfield code="t">2</subfield>
    <subfield code="w">2017-04-04</subfield>
    <subfield code="y">RPT</subfield>
  </datafield>
</record>
